000 00734nam a2200217Ia 4500
001 16904
003 GE_BSU
008 181216s||||||||xx |||||||||||||| ||und||
040 _cGE_BSU
080 _a82-93:821.161.1-32
100 _aტომინი, ი.
245 _aჯადოქარი დადის ქალაქში
245 _cმთარგმნ.: გ. კიკილაშვილი ; ილ.: ბ. კალაუშინი
260 _aთბილისი
260 _bნაკადული
260 _c1965
300 _a214გვ. : ილ. ; 22სმ.
653 _aმოთხრობა
653 _aჯადოქარი დადის ქალაქში
942 _cBK
999 _c49968
_d49968